Normal view
MARC view
- Compositores mexicanos
Entry Materia
001 - NÚMERO DE CONTROL DEL REGISTRO
- campo de control: 9745
003 - IDENTIFICADOR DE NUMERO DE CONTROL
- campo de control: MX-MxUPN
005 - FECHA Y HORA DE LA ÚLTIMA TRANSACCIÓN
- campo de control: 20260327123321.0
008 - DATOS DE LONGITUD FIJA
- campo de control de longitud fija: 260327dn fccnnbabb b ana |d
035 ## - NÚMERO DE CONTROL DEL SISTEMA
- Número de control del sistema: UPN10000009751
040 ## - FUENTE DE LA CATALOGACIÓN
- Centro catalogador de origen: MX-MxUPN
- Lengua de catalogación: spa
150 ## - ENCABEZAMIENTO - TEMÁTICO
- Término de materia o nombre geográfico como elemento inicial: Compositores mexicanos
- Subdivisión de forma: Biografía
670 ## - FUENTE EN LA QUE SE LOCALIZARON DATOS
- Cita de la fuente: Escamilla Gonzáles, G. Lista de encabezamientos de materia, 1978 :
- Información localizada: página 189 (Compositores mexicanos)
670 ## - FUENTE EN LA QUE SE LOCALIZARON DATOS
- Cita de la fuente: Autoridades BGTQ, 27 marzo 2026 :
- Información localizada: subdivisión de forma (Biografía)
902 ## - CATALOGADOR
- Catalogador: MMA/160798
- Catalogador: VíctorGodínez/270326
